000 00772cam a2200253 a 4500
999 _c3242
_d3242
001 4680815
003 GBCCL
005 20241126110450.0
008 810706s1981 tnua 001 0 eng
010 _a 81066822
020 _a0805434291 (pbk.)
040 _aDLC
_cDLC
_dDLC
050 0 0 _aBV652.83
_b.H33 1981
082 0 0 _a254.3
_219
_bHAC
100 1 _aHack, John,
_d1941-
_96676
245 1 0 _aHow to operate a cassette tape ministry /
_cJohn Hack.
260 _aNashville, Tenn. :
_bBroadman Press,
_cc1981.
300 _a128 p. :
_bill. ;
_c21 cm.
500 _aIncludes index.
650 0 _aAudiotapes in church work
_vHandbooks, manuals, etc.
_96677
740 0 _aCassette tape ministry.
906 _a7
_bcbc
_corignew
_d4
_eopcn
_f19
_gy-gencatlg
942 _2ddc
_cBK